000 00921nam a2200241 a 4500
003 BD-DhJNU
005 20250728053819.0
008 850709s1985 enka b 000 0 eng
020 _a0862324238
020 _a0862324246
040 _aBD-DhJNU
_bENG
_cBD-DhJNU
_dBD-DhJNU
082 0 0 _a956.620154 CRI
_223
130 0 _aCrime de silence.
_lEnglish
245 1 2 _aA crime of silence :
_bthe Armenian genocide /
_cthe Permanent Peoples' Tribunal ; preface by Pierre Vidal-Naquet ; [edited by Gerard Libaridian].
260 _aLondon :
_bZed Books ;
_aTotowa, N.J., USA :
_bUS distributor, Biblio Distribution Center,
_c1985.
300 _axiv, 249 p. :
_bill. ;
_c23 cm.
500 _aTranslation with revisions of: Le Crime de silence.
504 _aIncludes bibliographies.
650 0 _aArmenian Genocide, 1915-1923
_zTurkey.
700 1 _aLibaridian, Gerard J.
710 2 _aPermanent Peoples' Tribunal.
942 _cBK
999 _c1949
_d1949